Priamy predaj v komerčných bankách na Slovensku

Priamy predaj finančných produktov v slovenských komerčných bankách - nový fenomén. Autor charakterizuje súčasnú situáciu na základe doterajšieho vývoja v tejto oblasti a prognózuje ďalší vývoj zohľadňujúc súčasný technologický vývoj súvisiaci s alternatívnymi distribučnými kanálmi (internet, telefó...

Descrizione completa

Salvato in:
Dettagli Bibliografici
Autore principale: Šimko, Martin
Natura: Capitolo di libro
Lingua:slovacco
Soggetti:
Tags: Aggiungi Tag
Nessun Tag, puoi essere il primo ad aggiungerne!!

MARC

LEADER 00000nla$a2200000$$$4500
001 0068128
005 20240502071824.0
041 0 |a slo 
044 |a SK 
245 1 0 |a Priamy predaj v komerčných bankách na Slovensku  |c Martin Šimko 
520 |a Priamy predaj finančných produktov v slovenských komerčných bankách - nový fenomén. Autor charakterizuje súčasnú situáciu na základe doterajšieho vývoja v tejto oblasti a prognózuje ďalší vývoj zohľadňujúc súčasný technologický vývoj súvisiaci s alternatívnymi distribučnými kanálmi (internet, telefón, bankomaty a pod.) a princípy krížového predaja. 
610 2 0 |a bankovníctvo elektronické 
610 2 0 |a Slovensko 
610 2 0 |a produkty 
610 2 0 |a financie 
610 2 0 |a predaj priamy 
100 1 |a Šimko, Martin